Les dictons d'avril - Statistiques

Statistiques générales
  • Ce quiz a été pris 29 fois
  • Le résultat moyen est 20 sur 30
Statistiques - réponses
Indice Dicton % Correct
3 R*CH*RD A la St {Richard} le coucou chante mort ou vif
100%
7 J**N-B*PT*ST* St {Jean-Baptiste} ensoleillé, bon grain au grenier
95%
9 G**TH**R A la St {Gauthier}, jamais le jour entier ne passe sans giboulée
86%
12 J*L*S A la St {Jules}, mauvais temps n'est pas installé pour longtemps
86%
25 M*RC A la St {Marc} s'il tombe de l'eau, il n'y aura pas de fruits à noyaux
86%
11 ST*N*SL*S S'il gèle à la St {Stanislas}, on aura deux jours de glace
86%
8 J*L** A la Ste {Julie} le soleil ne quitte pas son lit
81%
30 R*B*RT A la St {Robert} tout arbre est vert
81%
20 TH**D*R* A Ste {Théodore} fleurit le bouton d'or
81%
6 PR*D*NC* Au jour de Ste {Prudence}, s'il fait du vent, les moutons dansent
81%
29 C*TH*R*N* Souvent à la Ste {Catherine} le soleil joue l'Arlésienne
81%
19 *MM* A la Ste {Emma}, tes fourrages en bas
76%
18 P*RF**T A la St {Parfait} des taupes corrige les forfaits
76%
23 G**RG*S Saint {Georges} est réputé saint grêleur
76%
26 CL*T St {Clet} ferme la porte aux derniers pois
76%
27 Z*T* A la Ste {Zita} le froid ne dure pas
71%
14 V*L*R**N Un beau {Valérien} amène abondance de biens
71%
4 *S*D*R* A la St {Isidore}, si le soleil dore, le blé sera haut et chenu mais le pommier sera nu
67%
21 *NS*LM* A St {Anselme}, dernières fleurs sème
62%
24 F*D*L* Pas d'hirondelle à la St {Fidèle} et les haridelles deviennent des modèles
62%
1 H*G**S Pluie de St {Hugues} à Ste Sophie remplit granges et fournils
62%
13 *D* A la Ste {Ida}, craint petites gelées et coup de froid
57%
28 **M* A la St {Aimé}, point de moutons affamés
52%
5 *R*N* A la Ste {Irène} s'il fait beau, il y aura moins de vin que d'eau
52%
10 F*LB*RT Quand arrive la St {Fulbert}, dans la campagne tout est vert
43%
15 P*T*RN* Quand de St {Paterne} vient la saison, la chalteur vient pour de bon
43%
16 FR*CT***X St {Fructueux} rend le vigneron malheureux
33%
2 TH**D*S** A la Ste {Théodosie} la rose est la fleur choisie
24%
17 *N*C*T Beau temps à la St {Anicet} est l'annonce d'un bel été
24%
22 *G*P*T Pour St {Agapit} si tu ne veux pas suer, enlève tes habits
0%
Aucun quiz correspondant
Distribution des résultats
% des personnes avec chaque résultat
Percentile par nombre de réponses
Votre historique - résultats
Vous n’avez pas pris ce quiz